| 000 | 00698nam a22001937a 4500 | ||
|---|---|---|---|
| 005 | 20100823123651.0 | ||
| 010 | _aENG-101344 | ||
| 020 | _c300.00 | ||
| 035 | _aEN-84877 | ||
| 037 | _bDBAD/PUB | ||
| 082 | _a363.700954162 | ||
| 245 | _aState of environment report Assam-2004 / | ||
| 260 |
_aGuwahati _bAssam Science Technology and Environment Council _c2006 |
||
| 300 |
_axvii, 330 p. : _c24cm (Hb) _bMaps |
||
| 650 |
_aEnveronmental policy _917214 |
||
| 650 |
_aEnveronmenta protection _917215 |
||
| 942 |
_2ddc _cEN _h363.700954162 _mSTA |
||
| 999 |
_c43031 _d43031 |
||